00492nmm a2200169Ia 4500008004100000020001800041041000800059100003100067245002300098264006400121300001800185490002200203650002200225856005100247942000700298999001700305251105s9999||||xx |||||||||||||||||und|| a9788483931820 aspa aBarrios Fernández, Nuria 0aOcho centímetros a[Madrid, España] :bEditorial Páginas de Espuma, c2015 a167 páginas aVoces. Literatura aSpanish narrative uhttps://public.digitaliapublishing.com/a/44170 cCF c86386d86386